|
|
|
|
| LEADER |
00000nam a22000007a 4500 |
| 005 |
20210705235934.0 |
| 007 |
cr|||| ||| |
| 008 |
210706s2013 co |||||s|||| 00||0 spa d |
| 020 |
|
|
|a 978-958-762-089-4
|
| 035 |
|
|
|a 33330
|
| 040 |
|
|
|a vLex
|
| 090 |
|
|
|c 11845
|d 11845
|
| 100 |
1 |
|
|a Pallerola Comamala, Joan
|
| 245 |
1 |
0 |
|a Auditora̕
|h [Recurso electrn̤ico] :
|b Enfoque Ter̤ico-Prc̀tico /
|c Joan Pallerola Comamala, Enric Monfort Aguilar
|
| 256 |
|
|
|a Servicio en ln̕ea
|
| 260 |
|
|
|a Bogot:̀
|b Ediciones de la U,
|c 2013
|
| 300 |
|
|
|a 1 recurso electrn̤ico
|
| 500 |
|
|
|a En este libro, se han desarrollado todos los contenidos incluidos en el md̤ulo Auditora̕, que est ̀incluido dentro del Certificado de Profesionalidad Gestin̤ Contable y Auditora̕. La auditora̕ de cuentas es sin lugar dudas una actividad cuya repercusin̤ social es cada vez ms̀ valorada por su contribucin̤ a la necesaria transparencia financiera de las cuentas tanto de empresas privadas como de entidades pb︢licas. Este libro pretende ser una gua̕ para aquellas personas que tengan interš en conocer y aprender en qu ̌consiste el trabajo de un auditor de cuentas y qu ̌metodologa̕ de trabajo se debe seguir ante un encargo profesional de revisin̤ de cuentas.
|
| 506 |
1 |
|
|a Disponible solo en los productos indicados
|d vLex Global
|d vLex Global (Academic Edition, excluding Law Schools)
|d vLex Global (U.S. Academic Edition, Law Schools)
|d vLex Global (U.S. Academic Edition, excluding Law Schools)
|d vLex Global (Academic Edition, Law Schools)
|
| 650 |
0 |
4 |
|a Inspeccin̤ tributaria
|z Colombia
|
| 650 |
0 |
4 |
|a Contabilidad
|z Colombia
|
| 650 |
0 |
4 |
|a Banca y finanzas
|z Colombia
|
| 700 |
1 |
|
|a Monfort Aguilar, Enric
|
| 740 |
0 |
|
|a vLex Libros (Servicio en ln̕ea)
|
| 856 |
4 |
0 |
|u https://vlex.com/source/auditoria-enfoque-teorico-practico-33330
|z Acceso restringido
|
| 942 |
|
|
|c BOOK
|
| 999 |
0 |
|
|a Tax inspection
|
| 999 |
0 |
|
|a Accounting
|
| 999 |
0 |
|
|a Banking and finance
|